NFL Pro Bowl Quarterbacks 2020s - Statistics

General Stats
  • This quiz has been taken 1,294 times
    180 since last reset
  • The average score is 56 of 58
Answer Stats
Season Team Player % Correct
2025 Cowboys Dak Prescott
100%
2023 Cowboys Dak Prescott
100%
2021 Cowboys Dak Prescott
100%
2025 Lions Jared Goff
100%
2024 Lions Jared Goff
100%
2022 Lions Jared Goff
100%
2025 Bengals Joe Burrow
100%
2024 Bengals Joe Burrow
100%
2022 Bengals Joe Burrow
100%
2025 Bills Josh Allen
100%
2024 Bills Josh Allen
100%
2022 Bills Josh Allen
100%
2021 Bills Josh Allen
100%
2020 Bills Josh Allen
100%
2021 Packers Aaron Rodgers
99%
2020 Packers Aaron Rodgers
99%
2023 49ers Brock Purdy
99%
2025 Patriots Drake Maye
99%
2024 Patriots Drake Maye
99%
2023 Seahawks Geno Smith
99%
2022 Seahawks Geno Smith
99%
2025 Eagles Jalen Hurts
99%
2023 Eagles Jalen Hurts
99%
2022 Eagles Jalen Hurts
99%
2025 Chargers Justin Herbert
99%
2021 Chargers Justin Herbert
99%
2024 Ravens Lamar Jackson
99%
2023 Ravens Lamar Jackson
99%
2021 Ravens Lamar Jackson
99%
2025 Rams Matthew Stafford
99%
2023 Rams Matthew Stafford
99%
2023 Chiefs Patrick Mahomes
99%
2022 Chiefs Patrick Mahomes
99%
2021 Chiefs Patrick Mahomes
99%
2020 Chiefs Patrick Mahomes
99%
2025 Seahawks Sam Darnold
99%
2024 Vikings Sam Darnold
99%
2024 Buccaneers Baker Mayfield
98%
2023 Buccaneers Baker Mayfield
98%
2025 Browns/Bengals Joe Flacco
98%
2021 Cardinals Kyler Murray
98%
2020 Cardinals Kyler Murray
98%
2021 Buccaneers Tom Brady
98%
2023 Dolphins Tua Tagovailoa
98%
2023 Texans C. J. Stroud
97%
2024 Steelers Russell Wilson
97%
2021 Seahawks Russell Wilson
97%
2020 Seahawks Russell Wilson
97%
2025 Browns Shedeur Sanders
97%
2022 Jaguars Trevor Lawrence
97%
2022 Vikings Kirk Cousins
96%
2021 Vikings Kirk Cousins
96%
2024 Commanders Jayden Daniels
95%
2021 Patriots Mac Jones
94%
2022 Raiders Derek Carr
91%
2020 Texans Deshaun Watson
89%
2022 Ravens Tyler Huntley
80%
2023 Colts Gardner Minshew
59%
No matching quizzes found
Score Distribution
Percent of People with Each Score
Percentile by Number Answered
Your Score History
You have not taken this quiz since the last reset